000
nam a22 7a 4500
999
_c
50192
_d
50192
003
OSt
005
20201007123515.0
008
201007b xxu||||| |||| 00| 0 eng d
040
_c
SERO SOFT
100
_a
TRIPATHI, T.P
245
_a
TRANSFER OF PROPERTY ACT (HINDI)
260
_a
ALA
_b
ALA
300
_a
448
942
_2
ddc
_c
02